000
00318nam a22001457a 4500
020
_a
9789312149836
041
_a
ENG
100
_a
verma .R
245
_a
Fast Track Objective Arithmetic
250
_a
revised
260
_a
Pune
_b
Arihant
_c
2019
300
_a
870
650
_a
Banking
856
_u
Competitive Exam
999
_c
199
_d
199